Reporting financial information by segment
Guardat en:
| Autor corporatiu: | |
|---|---|
| Format: | Llibre |
| Idioma: | anglès |
| Publicat: |
Londres
International Accounting Standards Committee
1994
|
| Col·lecció: | Draft Statement of Principles
|
| Matèries: | |
| Etiquetes: |
Afegir etiqueta
Sense etiquetes, Sigues el primer a etiquetar aquest registre!
|
MARC
| LEADER | 00000nam a2200000 a 4500 | ||
|---|---|---|---|
| 001 | UCT4812 | ||
| 003 | CL-VaPUC | ||
| 008 | 961122e19940000UK |||||||||||||||||eng|d | ||
| 082 | 0 | 4 | |a 658.151 |b INT |2 21 |
| 110 | 2 | |a International Accounting Standards Commitee |e author |9 374079 | |
| 245 | 1 | 0 | |a Reporting financial information by segment |
| 300 | |a 70 p | ||
| 942 | |c BK | ||
| 945 | |d 19961122 00:00:00 |a nastorga | ||
| 260 | |a Londres |b International Accounting Standards Committee |c 1994 | ||
| 650 | 0 | |a Balances |9 356958 | |
| 650 | 0 | |a Finanzas |9 260832 | |
| 650 | 0 | |a Información |9 256927 | |
| 650 | 0 | |a Empresa |9 350507 | |
| 650 | 7 | |a RESULTADOS |2 CL-VaPUC |9 372968 | |
| 650 | 7 | |a POLITICAS FINANCIERAS |2 CL-VaPUC |9 374080 | |
| 650 | 7 | |a ESTADOS FINANCIEROS |2 CL-VaPUC |9 374081 | |
| 583 | |a last modification |c 19961122 00:00:00 |k Rodrigo Vera | ||
| 490 | 0 | |a Draft Statement of Principles | |
| 999 | |c 253957 |d 253955 | ||
| 952 | |0 0 |1 0 |4 0 |6 658_151000000000000_INT_1994 |7 0 |8 P |9 275179 |a BIBGIM |b BIBGIM |d 2019-11-19 |i 3243044 |o 658.151 INT 1994 |p 3243044 |r 2025-01-15 |w 2019-11-19 |y BK |k COM | ||